[Event "Gibtelecom Masters"]
[Site "Gibraltar Gibraltar"]
[Date "2007.01.27"]
[Round "5.24"]
[White "Carlsson, Pontus"]
[Black "Van Beek, Alexander"]
[Result "1-0"]
[WhiteElo "2492"]
[BlackElo "2399"]
[PlyCount "71"]
[EventDate "2007.01.23"]

1. e4 e5 2. Nf3 Nc6 3. Bb5 Nf6 4. O-O Nxe4 5. d4 Nd6 6. Bxc6 dxc6 7. dxe5 Nf5
8. Qxd8+ Kxd8 9. Nc3 h6 10. h3 Ne7 11. Be3 Nd5 12. Rad1 Be6 13. Nxd5 cxd5 14.
c4 c6 15. Nd4 Ke8 16. cxd5 Bxd5 17. Nb5 Kd7 18. Nc3 Ke6 19. f4 Be7 20. f5+ Kxe5
21. Bd4+ Kd6 22. Bxg7 Rhg8 23. Nxd5 cxd5 24. Bxh6 Bf6 25. Bf4+ Kc6 26. Rc1+ Kb6
27. Rfd1 d4 28. Rd3 Rae8 29. Bc7+ Ka6 30. Ra3+ Kb5 31. Rb3+ Ka6 32. Ra3+ Kb5
33. Ra5+ Kb4 34. b3 b6 35. Rxa7 Kb5 36. Bd6 1-0

[Event "Gibtelecom Masters"]
[Site "Gibraltar Gibraltar"]
[Date "2007.01.27"]
[Round "5.25"]
[White "Klinova, Masha"]
[Black "Caruana, Fabiano"]
[Result "1/2-1/2"]
[WhiteElo "2350"]
[BlackElo "2492"]
[PlyCount "94"]
[EventDate "2007.01.23"]

1. e4 c5 2. Nf3 e6 3. c4 Nc6 4. Nc3 Nf6 5. Be2 Qb6 6. O-O Be7 7. b3 O-O 8. Bb2
d6 9. Na4 Qc7 10. Nc3 Qb6 11. Na4 Qd8 12. Nc3 e5 13. h3 Ne8 14. Nh2 Nc7 15. Bg4
f5 16. exf5 Bxf5 17. Bxf5 Rxf5 18. Ng4 Qd7 19. Ne3 Rg5 20. h4 Rg6 21. h5 Rf6
22. Ncd5 Nxd5 23. Nxd5 Rf7 24. Qe2 Bg5 25. a3 Raf8 26. b4 b6 27. b5 Ne7 28.
Nxe7+ Bxe7 29. a4 Rf4 30. g3 Rg4 31. a5 Rg5 32. axb6 axb6 33. Qe4 Rxh5 34. Ra8
Bd8 35. d3 Rhf5 36. Bc1 h5 37. Be3 h4 38. g4 R5f7 39. Kg2 Qe6 40. Rh1 Be7 41.
Rxf8+ Rxf8 42. g5 Rf5 43. Rxh4 Kf7 44. Rg4 g6 45. Rg3 Kg7 46. Qc6 Rf7 47. Qe4
Rf5 1/2-1/2

[Event "Gibtelecom Masters"]
[Site "Gibraltar Gibraltar"]
[Date "2007.01.27"]
[Round "5.26"]
[White "Citak, Selim"]
[Black "Tissir, Mohamed"]
[Result "1/2-1/2"]
[WhiteElo "2310"]
[BlackElo "2482"]
[PlyCount "83"]
[EventDate "2007.01.23"]

1. d4 d5 2. c4 c6 3. Nf3 Nf6 4. Nc3 e6 5. Bg5 h6 6. Bxf6 Qxf6 7. g3 Nd7 8. Bg2
dxc4 9. O-O g6 10. e3 Bg7 11. Nd2 O-O 12. Nxc4 Qe7 13. Rc1 Nb6 14. Qb3 Nxc4 15.
Qxc4 Bd7 16. Rfd1 Rfd8 17. e4 Rac8 18. e5 c5 19. f4 b5 20. Qb3 c4 21. Qc2 Be8
22. d5 exd5 23. Nxd5 Qe6 24. a3 Bc6 25. Nc3 Bf8 26. Bxc6 Qxc6 27. Qe4 Bc5+ 28.
Kg2 Qxe4+ 29. Nxe4 Be7 30. g4 a6 31. Kf3 Kf8 32. f5 gxf5 33. gxf5 Ke8 34. Kf4
a5 35. Rxd8+ Kxd8 36. Rd1+ Kc7 37. Nd6 Bxd6 38. Rxd6 b4 39. axb4 axb4 40. Ke3
c3 41. bxc3 bxc3 42. Kd3 1/2-1/2

[Event "Gibtelecom Masters"]
[Site "?"]
[Date "2007.01.27"]
[Round "5.27"]
[White "Simpson, James"]
[Black "Bellaiche, Anthony"]
[Result "0-1"]
[WhiteElo "2267"]
[BlackElo "2472"]
[PlyCount "98"]
[EventDate "2007.01.26"]

1. d4 Nf6 2. Nf3 e6 3. g3 b5 4. Bg2 Bb7 5. O-O c5 6. c3 Na6 7. Bg5 Be7 8. Nbd2
O-O 9. Ne5 Bxg2 10. Kxg2 Qb6 11. Ndf3 Qb7 12. Ng4 Qe4 13. Nxf6+ gxf6 14. Bh6
Rfd8 15. Kg1 cxd4 16. Qxd4 Qxd4 17. cxd4 d5 18. Rac1 Rac8 19. Bf4 Kf8 20. Nd2
Nb4 21. a3 Nc6 22. Nb3 a5 23. Rfd1 a4 24. Nc5 Nxd4 25. Rxd4 Bxc5 26. Rd3 Bb6
27. Rdc3 Rc4 28. Kf1 Bd4 29. Rxc4 bxc4 30. Rc2 Ke7 31. Bd2 Rc8 32. e3 Bc5 33.
e4 Kd6 34. Ke2 e5 35. f3 Rb8 36. Bh6 Bd4 37. Bc1 Rb3 38. exd5 Kxd5 39. g4 Rb8
40. h4 Rg8 41. Bd2 f5 42. g5 f4 43. Bb4 Rg6 44. Kf1 f6 45. gxf6 Rxf6 46. h5 Rf5
47. h6 Rh5 48. Bf8 Rh1+ 49. Ke2 Rb1 0-1

[Event "Gibtelecom Masters"]
[Site "Gibraltar Gibraltar"]
[Date "2007.01.27"]
[Round "5.29"]
[White "Rasch, Holger"]
[Black "Vijayalakshmi, Subbaraman"]
[Result "0-1"]
[WhiteElo "2272"]
[BlackElo "2459"]
[PlyCount "126"]
[EventDate "2007.01.23"]

1. e4 e5 2. Nf3 Nc6 3. d4 exd4 4. Nxd4 Nf6 5. Nc3 Bb4 6. Nxc6 bxc6 7. Bd3 d5 8.
e5 Ng4 9. O-O O-O 10. Bf4 Re8 11. h3 Nxe5 12. Bxh7+ Kxh7 13. Qh5+ Kg8 14. Bxe5
Be6 15. Rad1 f6 16. Bg3 Qd7 17. Ne2 Bf7 18. Qf3 Bg6 19. c3 Bf8 20. Rd2 Rad8 21.
Nf4 Be4 22. Qd1 Bc5 23. b4 Bd6 24. Nd3 Bxg3 25. fxg3 Bxd3 26. Rxd3 Qd6 27. Qa4
a5 28. a3 axb4 29. axb4 Re2 30. Rfd1 Rde8 31. Qa1 Kf7 32. Qc1 R8e4 33. Kh2 Qe5
34. Rf3 Ra2 35. Rg1 Ree2 36. Qf4 Kg8 37. Qg4 Qe4 38. Qc8+ Kh7 39. Qf5+ Qxf5 40.
Rxf5 Rec2 41. b5 Rxc3 42. bxc6 Rd2 43. g4 Rxc6 44. g5 Kg6 45. gxf6 gxf6 46.
Rgf1 Re6 47. h4 c5 48. h5+ Kh6 49. R1f3 c4 50. Rg3 Kh7 51. h6 Rd4 52. Rg7+ Kxh6
53. Rd7 Kg6 54. Rfxd5 Rxd5 55. Rxd5 Rc6 56. Kg3 c3 57. Rd1 c2 58. Rc1 Kg5 59.
Kf3 f5 60. Kf2 Kf4 61. Ke2 Kg3 62. Kf1 f4 63. Kg1 Rd6 0-1

[Event "Gibtelecom Masters"]
[Site "Gibraltar Gibraltar"]
[Date "2007.01.27"]
[Round "5.31"]
[White "Hartig, Ove"]
[Black "Bellon, Juan"]
[Result "0-1"]
[WhiteElo "2225"]
[BlackElo "2442"]
[PlyCount "72"]
[EventDate "2007.01.23"]

1. e4 c5 2. Nc3 Nc6 3. g3 g6 4. Bg2 Bg7 5. d3 e6 6. f4 Nge7 7. Nf3 d5 8. O-O
O-O 9. e5 f6 10. exf6 Bxf6 11. Re1 Nf5 12. Kh1 Bd7 13. Ne2 Qb6 14. c3 Rae8 15.
Neg1 Kh8 16. Nh3 Re7 17. Nf2 d4 18. Ne4 Bg7 19. c4 e5 20. Rb1 Ne3 21. Rxe3 dxe3
22. Bxe3 Nd4 23. Nxe5 Bxe5 24. fxe5 a5 25. Bh6 Rf5 26. Bg5 Rexe5 27. Bf4 Re8
28. Qd2 Bc6 29. Rf1 Qd8 30. Rf2 b6 31. Kg1 Ref8 32. Qe3 Ba8 33. h4 Ne6 34. Bh6
Bxe4 35. Bxf8 Rxf2 36. Bxe4 Rxf8 0-1

[Event "Gibtelecom Masters"]
[Site "Gibraltar Gibraltar"]
[Date "2007.01.27"]
[Round "5.34"]
[White "Ramaswamy, Aarthie"]
[Black "Korchnoi, Viktor"]
[Result "1/2-1/2"]
[WhiteElo "2224"]
[BlackElo "2629"]
[PlyCount "87"]
[EventDate "2007.01.23"]

1. e4 e6 2. d4 d5 3. Nd2 Nf6 4. e5 Nfd7 5. c3 c5 6. Ngf3 Nc6 7. Bd3 Be7 8. O-O
a5 9. Re1 c4 10. Bc2 b5 11. b3 Nb6 12. bxc4 bxc4 13. a4 Bd7 14. Nf1 Rb8 15. Ng3
Nc8 16. h3 h5 17. Nh2 g6 18. Ne2 Qb6 19. Nf4 Kd8 20. Nf3 Kc7 21. h4 Nd8 22. Ng5
Be8 23. Qf3 Qc6 24. Qg3 Rb6 25. Qf3 Kb8 26. g3 Qb7 27. Nfh3 Ka7 28. Nf4 Ka6 29.
Ng2 Qc7 30. Ne3 Bc6 31. Qe2 Ka7 32. Ng2 Qd7 33. Qd1 Rb7 34. Ra2 Qe8 35. Ra1 Bd7
36. Nf4 Nb6 37. Kg2 Nc6 38. Kg1 Qg8 39. Qf3 Qg7 40. Kg2 Rhb8 41. Qd1 Qg8 42.
Re3 Be8 43. Qf3 Nd7 44. Qd1 1/2-1/2

[Event "Gibtelecom Masters"]
[Site "Gibraltar Gibraltar"]
[Date "2007.01.27"]
[Round "5.35"]
[White "Kristjansson, Stefan"]
[Black "Narayanan, Srinath"]
[Result "1/2-1/2"]
[WhiteElo "2485"]
[BlackElo "2229"]
[PlyCount "107"]
[EventDate "2007.01.23"]

1. e4 c5 2. c3 Nf6 3. e5 Nd5 4. Nf3 Nc6 5. Bc4 Nb6 6. Bb3 d6 7. exd6 Qxd6 8.
O-O Be6 9. Na3 Bxb3 10. axb3 Qd3 11. Ne1 Qd7 12. Nc4 Nd5 13. Nf3 e6 14. d4 cxd4
15. Nfe5 Nxe5 16. Nxe5 Qc7 17. Qxd4 Qc5 18. Qa4+ b5 19. Qe4 Bd6 20. Be3 Qc7 21.
c4 Bxe5 22. cxd5 exd5 23. Qxd5 O-O 24. Qxb5 Bxh2+ 25. Kh1 Be5 26. Rxa7 Rxa7 27.
Bxa7 Bxb2 28. Be3 Rb8 29. Qc4 Qd7 30. Rb1 Be5 31. Qe4 Qb5 32. g3 Re8 33. Qa4
Qb8 34. Re1 Qb7+ 35. Kg1 Ra8 36. Qc4 Rc8 37. Qd3 h6 38. Rc1 Re8 39. Bc5 Bb2 40.
Rd1 Re5 41. Qb1 Rd5 42. Rxd5 Qxd5 43. Qxb2 Qd1+ 44. Kg2 Qd5+ 45. f3 Qxc5 46. b4
Qb5 47. Kf2 Qb6+ 48. Kg2 Qb5 49. Qd2 h5 50. Qe1 g6 51. Qe4 Kh7 52. Kf2 Qb6+ 53.
Kg2 Qb5 54. Kf2 1/2-1/2

[Event "Gibtelecom Masters"]
[Site "Gibraltar Gibraltar"]
[Date "2007.01.27"]
[Round "5.37"]
[White "Rajlich, Iweta"]
[Black "Nordstrom, Felix"]
[Result "1-0"]
[WhiteElo "2428"]
[BlackElo "2199"]
[PlyCount "141"]
[EventDate "2007.01.23"]

1. d4 d5 2. c4 e6 3. Nc3 Nf6 4. cxd5 exd5 5. Bg5 c6 6. Qc2 Be7 7. e3 Nbd7 8.
Bd3 Nh5 9. Bxe7 Qxe7 10. Nge2 g6 11. g4 Ng7 12. h4 h5 13. g5 Nb6 14. O-O-O Bf5
15. Ng3 Bxd3 16. Rxd3 O-O-O 17. b3 Kb8 18. Nce2 Qd7 19. Rc3 Nc8 20. Nf4 Nd6 21.
Nd3 Ngf5 22. Ne5 Qe8 23. Nxf5 Nxf5 24. Kb2 Rc8 25. a4 Qe7 26. Rc5 Rc7 27. a5 a6
28. Qe2 Qe6 29. Qf3 Rhc8 30. Qf4 Ka7 31. f3 Qd6 32. Rd1 Qe6 33. e4 Nd6 34. Rdc1
dxe4 35. fxe4 Qe7 36. Qe3 Kb8 37. Rf1 Rd8 38. Rf6 Qe8 39. Qf4 Qe7 40. b4 Kc8
41. Ka2 Kb8 42. d5 cxd5 43. exd5 Rdc8 44. Nc6+ bxc6 45. Rxd6 Qe2+ 46. Ka1 Qd1+
47. Kb2 Re8 48. Rc2 Qg4 49. Qxg4 hxg4 50. dxc6 g3 51. Rd3 Re6 52. Rxg3 Rcxc6
53. Rxc6 Rxc6 54. Kb3 f5 55. Re3 Kb7 56. Re7+ Kc8 57. Rf7 Re6 58. Kc4 Re4+ 59.
Kc5 Rxh4 60. Rf6 Kb7 61. Rb6+ Ka7 62. Rxg6 Rg4 63. Rg7+ Kb8 64. b5 axb5 65. Kb6
Kc8 66. a6 Ra4 67. a7 b4 68. Rg8+ Kd7 69. a8=Q Rxa8 70. Rxa8 b3 71. Kc5 1-0

[Event "Gibtelecom Masters"]
[Site "Gibraltar Gibraltar"]
[Date "2007.01.27"]
[Round "5.38"]
[White "Fogel, Pierre"]
[Black "Greet, Andrew"]
[Result "0-1"]
[WhiteElo "2193"]
[BlackElo "2425"]
[PlyCount "98"]
[EventDate "2007.01.23"]

1. d4 Nf6 2. c4 e6 3. Nc3 Bb4 4. g3 c5 5. Nf3 Nc6 6. Bg2 Ne4 7. Qd3 cxd4 8.
Nxd4 Nxc3 9. bxc3 Ne5 10. Qc2 Be7 11. Qb3 d6 12. f4 Nd7 13. O-O O-O 14. Ba3 Qc7
15. Rfd1 Nc5 16. Qc2 Bd7 17. Nb5 Bxb5 18. cxb5 Rac8 19. c4 Qb6 20. Kh1 Bf6 21.
Rac1 g6 22. Qd2 Rfd8 23. Bb4 Qc7 24. Ba5 b6 25. Bb4 Qd7 26. Qe3 Rc7 27. Bf3 Qc8
28. Kg2 a6 29. bxa6 Qxa6 30. a3 Nb7 31. Rd3 Rcd7 32. h4 Na5 33. Qe4 d5 34. cxd5
exd5 35. Qe3 Nc4 36. Qg1 d4 37. h5 Nb2 38. Rd2 d3 39. exd3 Rxd3 40. Rxd3 Nxd3
41. Rd1 Rc8 42. hxg6 Rc2+ 43. Bd2 hxg6 44. Qe3 Nb2 45. Rh1 Kg7 46. f5 Qd3 47.
Qxd3 Nxd3 48. Rd1 gxf5 49. Kf1 Nb2 0-1

[Event "Gibtelecom Masters"]
[Site "?"]
[Date "2007.01.27"]
[Round "5.39"]
[White "Barrenechea, Bahamonde"]
[Black "Gunnarsson, Jon Viktor"]
[Result "0-1"]
[WhiteElo "2191"]
[BlackElo "2419"]
[PlyCount "56"]
[EventDate "2007.01.26"]

1. e4 c5 2. Nf3 Nc6 3. Bb5 e6 4. O-O Nge7 5. c3 a6 6. Ba4 b5 7. Bc2 Bb7 8. Qe2
e5 9. a4 b4 10. Bb3 Na5 11. Bxf7+ Kxf7 12. Nxe5+ Kg8 13. cxb4 cxb4 14. Qg4 Bc8
15. Qh5 g6 16. Qf3 Qe8 17. d4 d6 18. Nd3 Nb3 19. Ra2 Nxd4 20. Qf6 Be6 21. b3
Bg7 22. Qh4 Nec6 23. f4 Bxb3 24. f5 Bxa2 25. f6 Bxf6 26. Rxf6 Bxb1 27. Bh6 Bxd3
28. Rxd6 Qxe4 0-1

[Event "Gibtelecom Masters"]
[Site "Gibraltar Gibraltar"]
[Date "2007.01.27"]
[Round "5.40"]
[White "Steel, Henry"]
[Black "Sarkar, Justin"]
[Result "0-1"]
[WhiteElo "2175"]
[BlackElo "2405"]
[PlyCount "78"]
[EventDate "2007.01.23"]

1. e4 c5 2. Nf3 d6 3. d4 Nf6 4. Nc3 cxd4 5. Nxd4 a6 6. Be2 e5 7. Nb3 Be7 8. O-O
O-O 9. f4 b5 10. Qe1 Bb7 11. Bf3 Nbd7 12. f5 Rc8 13. a3 Nb6 14. Qg3 Kh8 15. Na5
Ba8 16. Bd2 d5 17. exd5 Nbxd5 18. Nxd5 Bxd5 19. Rad1 e4 20. c4 bxc4 21. Be2
Qb6+ 22. Kh1 Qxb2 23. Bc3 Qxe2 24. Rfe1 Qg4 25. Qxg4 Nxg4 26. Rxd5 Rfd8 27.
Rxd8+ Bxd8 28. Nb7 Bf6 29. Bxf6 Nxf6 30. Nd6 Rc7 31. g4 c3 32. g5 c2 33. Rc1
Ng4 34. Nxe4 Rd7 35. Nc3 Rd1+ 36. Nxd1 cxd1=R+ 37. Rxd1 Nf2+ 38. Kg2 Nxd1 39.
Kf3 Nb2 0-1

[Event "Gibtelecom Masters"]
[Site "Gibraltar Gibraltar"]
[Date "2007.01.27"]
[Round "5.41"]
[White "Ippolito, Dean"]
[Black "Dunn, Andrew"]
[Result "1-0"]
[WhiteElo "2397"]
[BlackElo "2190"]
[PlyCount "41"]
[EventDate "2007.01.23"]

1. d4 d5 2. c4 c6 3. Nc3 Nf6 4. e3 a6 5. Bd3 Bg4 6. Qc2 e6 7. Nge2 Bd6 8. Ng3
Nbd7 9. h3 Bh5 10. Nxh5 Nxh5 11. e4 dxc4 12. Bxc4 Bf4 13. e5 Nb6 14. Be2 g6 15.
g4 Bxc1 16. Qxc1 Ng7 17. Qh6 Kf8 18. O-O-O Nd5 19. Ne4 f5 20. exf6 Nxf6 21. Qf4
1-0

[Event "Gibtelecom Masters"]
[Site "Gibraltar Gibraltar"]
[Date "2007.01.27"]
[Round "5.42"]
[White "Spence, David"]
[Black "Ansell, Simon"]
[Result "0-1"]
[WhiteElo "2166"]
[BlackElo "2393"]
[PlyCount "46"]
[EventDate "2007.01.23"]

1. e4 c5 2. c3 d6 3. d4 Nf6 4. Bd3 Nc6 5. Nf3 e5 6. h3 cxd4 7. cxd4 exd4 8. O-O
Be7 9. Qa4 Qb6 10. Na3 O-O 11. Nc2 Ne5 12. Nxe5 dxe5 13. f4 Be6 14. fxe5 Nd7
15. Bf4 Nc5 16. Qb5 Qxb5 17. Bxb5 a6 18. b4 axb5 19. bxc5 Bxc5 20. Rfd1 Rfd8
21. Kf1 Bc4+ 22. Kf2 d3+ 23. Ne3 Bd4 0-1

[Event "Gibtelecom Masters"]
[Site "Gibraltar Gibraltar"]
[Date "2007.01.27"]
[Round "5.43"]
[White "Grooten, Herman"]
[Black "Wade, Robert"]
[Result "1-0"]
[WhiteElo "2387"]
[BlackElo "2173"]
[PlyCount "55"]
[EventDate "2007.01.23"]

1. d4 d5 2. c4 e6 3. Nc3 Nf6 4. cxd5 exd5 5. Bg5 c6 6. e3 h6 7. Bh4 Bf5 8. Qf3
Bh7 9. Bxf6 Qxf6 10. Qxf6 gxf6 11. Nf3 Nd7 12. O-O-O Bb4 13. Bd3 O-O 14. Bxh7+
Kxh7 15. Ne2 Rac8 16. Kb1 Rg8 17. Nh4 Rg4 18. g3 Nf8 19. a3 Ba5 20. h3 Rg8 21.
Nf5 Re8 22. Nf4 Bd8 23. Nh5 Re6 24. g4 Ng6 25. Rd3 Ne7 26. Rb3 b6 27. Nf4 Re4
28. Ng3 1-0

[Event "Gibtelecom Masters"]
[Site "Gibraltar Gibraltar"]
[Date "2007.01.27"]
[Round "5.44"]
[White "Borvander, Tom"]
[Black "Houska, Jovanka"]
[Result "0-1"]
[WhiteElo "2162"]
[BlackElo "2384"]
[PlyCount "136"]
[EventDate "2007.01.23"]

1. d4 d5 2. c4 c6 3. Nf3 Nf6 4. Nc3 a6 5. a4 e6 6. e3 a5 7. Bd3 Bd6 8. O-O O-O
9. Qe2 Nbd7 10. e4 dxc4 11. Bxc4 e5 12. Rd1 Qc7 13. Bg5 exd4 14. Rxd4 Ng4 15.
h3 Nge5 16. Nxe5 Bxe5 17. Rd2 h6 18. Be3 Nf6 19. Bd4 Re8 20. Re1 Be6 21. Bxe6
Rxe6 22. Bxe5 Qxe5 23. Qe3 g5 24. Qb6 Re7 25. Re3 Rae8 26. Rd8 Rxd8 27. Qxd8+
Kg7 28. Qd2 Qc5 29. Qe2 Nd7 30. Rf3 Ne5 31. Rg3 Rd7 32. Kh2 Ng6 33. Re3 Nf4 34.
Qc2 Qd6 35. g3 Ng6 36. Qb3 Ne5 37. Kg2 h5 38. Ne2 Qd2 39. Qc3 Qxc3 40. Nxc3 g4
41. h4 Kf6 42. Re1 Rd2 43. Re2 Rxe2 44. Nxe2 Nd3 45. b3 Ke5 46. f3 Nc5 47. Nc1
gxf3+ 48. Kxf3 Nxe4 49. g4 hxg4+ 50. Kxg4 f5+ 51. Kf3 Nf6 52. Ne2 Ne4 53. Ke3
Nc5 54. Nc1 f4+ 55. Kf3 Kf5 56. h5 Ne6 57. Nd3 Nd4+ 58. Kf2 Nxb3 59. Nxf4 Nc5
60. h6 Kf6 61. Ke3 Nxa4 62. Kd4 b5 63. Nd3 c5+ 64. Kd5 c4 65. Nc1 Nb2 66. Kc5
b4 67. Kb5 b3 68. Kxa5 Nd1 0-1

[Event "Gibtelecom Masters"]
[Site "Gibraltar Gibraltar"]
[Date "2007.01.27"]
[Round "5.45"]
[White "Saint Amand, Paul"]
[Black "Rendle, Thomas"]
[Result "0-1"]
[WhiteElo "2150"]
[BlackElo "2366"]
[PlyCount "70"]
[EventDate "2007.01.23"]

1. c4 f5 2. Nc3 Nf6 3. g3 e6 4. Bg2 Be7 5. d3 O-O 6. e4 fxe4 7. dxe4 Nc6 8. Nf3
Bc5 9. O-O Qe8 10. Qe2 Qh5 11. Be3 d6 12. Bxc5 Qxc5 13. Rad1 e5 14. h3 a5 15.
b3 Ne7 16. Rfe1 Bd7 17. Qe3 b6 18. a4 Bc8 19. Qxc5 bxc5 20. Nb5 Ne8 21. Re3 Nc6
22. Rd2 Nd4 23. Nbxd4 cxd4 24. Red3 Nf6 25. Re2 Nd7 26. Rd1 Nc5 27. Nd2 Rb8 28.
Rb1 Ba6 29. Ree1 Rb4 30. Bf3 Rfb8 31. Bd1 Bxc4 32. Nxc4 Rxc4 33. Be2 Rc3 34.
Bb5 Kf8 35. Rec1 Nxe4 0-1

[Event "Gibtelecom Masters"]
[Site "Gibraltar Gibraltar"]
[Date "2007.01.27"]
[Round "5.46"]
[White "Dekker, Alain"]
[Black "Quillan, Gary"]
[Result "0-1"]
[WhiteElo "2144"]
[BlackElo "2354"]
[PlyCount "60"]
[EventDate "2007.01.23"]

1. e4 e6 2. d4 d5 3. Nc3 Bb4 4. e5 Ne7 5. a3 Bxc3+ 6. bxc3 c5 7. Qg4 Qc7 8.
Qxg7 Rg8 9. Qxh7 cxd4 10. Kd1 dxc3 11. Nf3 Nbc6 12. Ng5 Nxe5 13. Bf4 Qb6 14.
Bxe5 Rxg5 15. Qh4 Rf5 16. Bd4 Ng6 17. Bxb6 Nxh4 18. Bd4 e5 19. Bxc3 Rxf2 20.
Bxe5 Bg4+ 21. Kc1 Rc8 22. c3 Bf5 23. Bd4 Rc2+ 24. Kd1 Be4 25. Be2 Nf5 26. Bg4
Rxg2 27. h3 Nxd4 28. Bxc8 Bf3+ 29. Kc1 Nb3+ 30. Kb1 Be4# 0-1

[Event "Gibtelecom Masters"]
[Site "Gibraltar Gibraltar"]
[Date "2007.01.27"]
[Round "5.48"]
[White "Blikra Vea, Odin"]
[Black "Solomon, Kenny"]
[Result "0-1"]
[WhiteElo "2147"]
[BlackElo "2320"]
[PlyCount "102"]
[EventDate "2007.01.23"]

1. e4 d6 2. d4 Nf6 3. Bd3 e5 4. c3 Be7 5. Ne2 O-O 6. O-O c6 7. f4 Nbd7 8. Nd2
Re8 9. Nf3 Bf8 10. fxe5 dxe5 11. Qc2 Qb6 12. Kh1 c5 13. d5 g6 14. Bg5 h6 15.
Be3 Qc7 16. Nd2 Bg7 17. Rf3 Rf8 18. Raf1 Ne8 19. Ng3 Nd6 20. Nc4 f6 21. Qd2 Kh7
22. h4 h5 23. Qe2 Nxc4 24. Bxc4 Nb6 25. Bb3 Bg4 26. Qf2 Rac8 27. Bd1 Nc4 28.
Bc1 Nd6 29. Re3 Qd7 30. Ree1 Bxd1 31. Rxd1 Qg4 32. Qf3 Qxh4+ 33. Kg1 Qg4 34.
Qxg4 hxg4 35. b3 f5 36. Rfe1 f4 37. Nf1 g3 38. Nd2 g5 39. Kf1 g4 40. Ke2 Kg6
41. Rh1 Bf6 42. Kd3 b5 43. Ba3 Be7 44. c4 a6 45. Bb2 Bf6 46. Rdf1 Rh8 47. a4 b4
48. Ke2 f3+ 49. Kd3 fxg2 50. Rxf6+ Kxf6 51. Rg1 Rh2 0-1

[Event "Gibtelecom Masters"]
[Site "Gibraltar Gibraltar"]
[Date "2007.01.27"]
[Round "5.49"]
[White "Eggleston, David"]
[Black "Kvisia, Johannes"]
[Result "1-0"]
[WhiteElo "2284"]
[BlackElo "2134"]
[PlyCount "96"]
[EventDate "2007.01.23"]

1. e4 c5 2. Nf3 Nc6 3. d4 cxd4 4. Nxd4 Nf6 5. Nc3 e5 6. Ndb5 h6 7. Nd5 Nxd5 8.
exd5 a6 9. dxc6 axb5 10. cxd7+ Bxd7 11. Bd3 Bc6 12. O-O Bc5 13. Qg4 Qf6 14. Bd2
O-O 15. Bc3 b4 16. Bxb4 Bxb4 17. Qxb4 Ra4 18. Qb3 Qg5 19. f3 Rh4 20. Qb6 Rd4
21. Rae1 Rfd8 22. Re2 R8d6 23. Qa5 Ra4 24. Qxe5 Qxe5 25. Rxe5 Rxa2 26. b3 g6
27. Rfe1 Bd5 28. Rb1 Be6 29. g4 Bd5 30. Kf2 Bc6 31. Kg3 Kg7 32. h4 Kf6 33. Rc5
Re6 34. Kf4 Kg7 35. Kg3 Re3 36. Rf1 Ra8 37. b4 Ra4 38. b5 Be4 39. Bxe4 Raxe4
40. Rc7 Ra4 41. Rxb7 Rc3 42. Rd1 Raa3 43. Rd3 Rxd3 44. cxd3 Rxd3 45. Rc7 Rb3
46. Rc5 Rb4 47. h5 gxh5 48. Rxh5 Rb3 1-0

[Event "Gibtelecom Masters"]
[Site "Gibraltar Gibraltar"]
[Date "2007.01.27"]
[Round "5.50"]
[White "Edwards, Ray"]
[Black "Ruxton, Keith"]
[Result "0-1"]
[WhiteElo "2131"]
[BlackElo "2282"]
[PlyCount "60"]
[EventDate "2007.01.23"]

1. d4 Nf6 2. c4 g6 3. Nc3 Bg7 4. e4 O-O 5. Nf3 d6 6. Be2 e5 7. Be3 Ng4 8. Bg5
f6 9. Bh4 Nc6 10. d5 Ne7 11. O-O g5 12. Bg3 Nh6 13. Nd2 Ng6 14. h3 Nf4 15. Bg4
Nxg4 16. hxg4 Qd7 17. Bxf4 gxf4 18. f3 Bh6 19. Kf2 c6 20. Rh1 Bg5 21. Qb3 Kg7
22. Rad1 Qc7 23. Rc1 Bd7 24. Qb4 a5 25. Qb3 Rfb8 26. Rhd1 b5 27. c5 Qa7 28. Ne2
dxc5 29. Qc3 c4+ 30. Kf1 Bh4 0-1

[Event "Gibtelecom Masters"]
[Site "Gibraltar Gibraltar"]
[Date "2007.01.27"]
[Round "5.51"]
[White "Mohota, Nisha"]
[Black "Urbona Perez, Juan"]
[Result "1-0"]
[WhiteElo "2270"]
[BlackElo "2114"]
[PlyCount "47"]
[EventDate "2007.01.23"]

1. d4 d5 2. c4 e6 3. Nc3 Nf6 4. cxd5 exd5 5. Bg5 Be7 6. e3 Nbd7 7. Bd3 O-O 8.
Qc2 Re8 9. Nf3 c6 10. O-O Nf8 11. h3 g6 12. Bh6 Nh5 13. Rab1 a5 14. a3 Ng7 15.
Bxg7 Kxg7 16. b4 axb4 17. axb4 Ne6 18. Rfc1 Qd6 19. Na4 Bd7 20. Ne5 Rab8 21. b5
cxb5 22. Nxd7 Rec8 23. Nac5 b6 24. Qb2 1-0

[Event "Gibtelecom Masters"]
[Site "Gibraltar Gibraltar"]
[Date "2007.01.27"]
[Round "5.52"]
[White "Revesz, Zoltan"]
[Black "Dimitrijevic, Dragan"]
[Result "1-0"]
[WhiteElo "2245"]
[BlackElo "2037"]
[PlyCount "53"]
[EventDate "2007.01.23"]

1. e4 c5 2. c3 g6 3. d4 cxd4 4. cxd4 d5 5. exd5 Qxd5 6. Nc3 Qa5 7. Nf3 Bg7 8.
Qb3 Nf6 9. Bc4 O-O 10. O-O a6 11. Bd2 Qd8 12. a4 Nc6 13. Ne2 Bg4 14. Qxb7 Bxf3
15. gxf3 Nxd4 16. Bf4 Nh5 17. Bg5 Nxe2+ 18. Bxe2 Rb8 19. Qxa6 Rxb2 20. Rac1 h6
21. Be3 Qb8 22. Bc4 Nf4 23. Kh1 Qe5 24. Rg1 Nh3 25. Rg2 Qh5 26. Qxg6 Qe5 27.
Qxg7+ 1-0

[Event "Gibtelecom Masters"]
[Site "Gibraltar Gibraltar"]
[Date "2007.01.27"]
[Round "5.53"]
[White "Galliano, Alex"]
[Black "Navarro Torres, Pedro"]
[Result "1/2-1/2"]
[WhiteElo "1300"]
[BlackElo "2235"]
[PlyCount "83"]
[EventDate "2007.01.23"]

1. e4 e5 2. Nf3 d5 3. Nxe5 Bd6 4. d4 dxe4 5. Nc4 Nf6 6. Be2 O-O 7. Nc3 Nc6 8.
Be3 Bb4 9. O-O Bxc3 10. bxc3 Nd5 11. Bd2 Re8 12. Ne3 Nf4 13. Kh1 Nxe2 14. Qxe2
f5 15. f4 Be6 16. Qb5 Ne7 17. Qxb7 c5 18. Qa6 Bf7 19. Qa4 Qc7 20. Rab1 a6 21.
g3 Red8 22. Rfd1 Kh8 23. Rb2 Qc6 24. Qxc6 Nxc6 25. Nxf5 cxd4 26. Nxd4 Nxd4 27.
cxd4 Rxd4 28. c3 Rd3 29. Rdb1 h6 30. Kg2 e3 31. Be1 Bd5+ 32. Kf1 Bf3 33. Rb8+
Rxb8 34. Rxb8+ Kh7 35. Rb6 a5 36. Re6 Bg4 37. Re5 Bf3 38. Re6 a4 39. Re5 Kg8
40. Re7 Kf8 41. Re5 Kf7 42. h4 1/2-1/2

[Event "Gibtelecom Masters"]
[Site "Gibraltar Gibraltar"]
[Date "2007.01.27"]
[Round "5.55"]
[White "Sachdev, Tania"]
[Black "Millward, Richard"]
[Result "1-0"]
[WhiteElo "2380"]
[BlackElo "2140"]
[PlyCount "87"]
[EventDate "2007.01.23"]

1. d4 d5 2. c4 c6 3. Nf3 Nf6 4. Nc3 g6 5. Bf4 Bg7 6. e3 O-O 7. h3 Re8 8. Bd3
Nbd7 9. O-O Nf8 10. Rc1 dxc4 11. Bxc4 Be6 12. Bd3 Rc8 13. e4 Qa5 14. Qe2 Red8
15. Rfd1 Nh5 16. Be3 Nf6 17. b3 b5 18. Rc2 a6 19. Rdc1 Bd7 20. d5 cxd5 21. e5
Rxc3 22. Rxc3 Ne8 23. Bc5 Rc8 24. Qd2 Ne6 25. b4 Qd8 26. Bxe7 Qxe7 27. Rxc8
Bxc8 28. Rxc8 Bf8 29. Rc6 Qb7 30. Rc2 d4 31. Bf1 Qe4 32. Rc1 N8g7 33. Rd1 Qd5
34. Nxd4 Nxd4 35. Qxd4 Qxa2 36. Ra1 Qb3 37. Rxa6 Ne6 38. Qd7 Qxb4 39. Ra7 Qf4
40. g3 Qf3 41. Bg2 Qf5 42. Be4 Qxh3 43. Qxf7+ Kh8 44. Ra8 1-0

[Event "Gibtelecom Masters"]
[Site "Gibraltar Gibraltar"]
[Date "2007.01.27"]
[Round "5.56"]
[White "Dworakowska, Joanna"]
[Black "Vinas Guerrero, Carlos"]
[Result "0-1"]
[WhiteElo "2376"]
[BlackElo "2124"]
[PlyCount "113"]
[EventDate "2007.01.23"]

1. e4 c5 2. Nf3 d6 3. d4 cxd4 4. Nxd4 Nf6 5. Nc3 a6 6. Bg5 e6 7. f4 Qb6 8. Qd2
Nc6 9. Bxf6 gxf6 10. Nb3 Bd7 11. Be2 h5 12. h4 O-O-O 13. O-O-O Be7 14. Kb1 Kb8
15. Bf3 Na5 16. Qe2 Rc8 17. Bxh5 Rxc3 18. bxc3 Bb5 19. Qf3 Rf8 20. Ka1 Bc4 21.
Rb1 d5 22. Rhd1 Qc7 23. exd5 Be2 24. Qe3 Bxh5 25. Nxa5 Qxa5 26. d6 Bd8 27. Rd3
f5 28. d7 Bf6 29. Rb3 Rd8 30. Rd6 Be7 31. Rd4 Bc5 32. Rbb4 Bxd4 33. Rxd4 Qb5
34. c4 Qc5 35. Qc3 Kc7 36. Qd2 a5 37. Rd3 b6 38. a3 Qc6 39. c5 bxc5 40. Qxa5+
Qb6 41. Qa4 Be2 42. Rb3 Qa6 43. Qxa6 Bxa6 44. h5 Rh8 45. Rh3 Rh6 46. a4 Kxd7
47. a5 Kc6 48. Kb2 Kb5 49. Kb3 Kxa5 50. c4 Bb7 51. Rh2 f6 52. Kc3 e5 53. fxe5
fxe5 54. g3 Bf3 55. Rb2 Bc6 56. Re2 e4 57. Rh2 0-1